000 00704nam a2200229 i 4500
001 143463
003 ES-MaACL
005 20250725232355.0
007 t|
008 070214s1987 sp 0011p epo d
020 _a84-86384-02-8
080 _a860-1(082.2)
245 0 0 _aSentempa simfonio :
_bpoem-antologio hispana /
_cesperantigis, Fernando de Diego.
260 _aMadrid :
_bEdiciones La Misma,
_c1987.
300 _a154 p. ;
_c19 cm.
490 1 _aHispania literaturo ;
_v3
650 7 _aPoesías españolas
_2embne
_916214
700 1 _aDiego de la Rosa, Fernando de.
_944560
830 1 _aHispania literaturo ;
_v3
_9220566
852 4 _aES-MaACL
_jL-13003
999 _c143463
_d143463